000 00577cam a22002053a 4500
001 38479
003 PGUSA
005 20140828083841.0
008 120103s2012||||xxu|||||s|||||000 | eng d
040 _aPGUSA
_beng
042 _adc
100 1 _aChild, Lydia Maria,
_d1802-1880
245 1 4 _aThe Freedmen's Book
_h[electronic resource] /
_cLydia Maria Child
260 _bProject Gutenberg,
_c2012
506 _aPublic domain in the USA.
516 _aElectronic text
830 0 _aProject Gutenberg
_v38479
856 4 0 _uhttp://www.gutenberg.org/ebooks/38479
942 _cEB
999 _c267733
_d267733